00410 2200169 4500001002100000005001500021035002000036245003600056100001100092250001700103300003300120260003300153082000800186084001400194020002200208650001000230INLIS00000000000031520240602013155 a0010-06240000241 aPencuri Semah Kenduri /cAzhary0 aAzhary acetakan ke-1 aii, 100 hlm :bilus ;c21 cm aJakarta :bAzka Press,c2006 a813 a813 AZH p a978-979-121-106-X 4aFiksi